Zmeny pri platení poistného na nemocenské poistenie a dôchodkové zabezpečnie u zamestnancov

Bibliographic Details
Main Author: Matlák, Ján, 1950- (Author)
Format: Article
Language:Slovak
Subjects:

MARC

LEADER 00000nab a2200000 a 4500
001 vtls000753758
003 SK-MaSNL
005 20260303120013.0
008 180206c2001 xo 0 slo
015 |a SNBRB2001/04-12545 
035 |a CLN000105545 
040 |a SNKBUCL  |b slo  |c SNKBUCL  |e AACR2 
041 0 |a slo 
044 |a xo  |c SK 
080 |a 368.42/.46  |2 UDC-MRF-SK2 
080 |a 362.62  |2 UDC-MRF-SK2 
100 1 |a Matlák, Ján,  |d 1950-  |4 aut  |9 201803 
245 1 0 |a Zmeny pri platení poistného na nemocenské poistenie a dôchodkové zabezpečnie u zamestnancov  |c Ján Matlák 
650 0 7 |a nemocenské poistenie  |2 snkbucl  |9 67734 
650 0 7 |a dôchodkové zabezpečenie  |2 snkbucl  |9 29237 
655 7 |a články z novín a časopisov  |2 snkbucl  |9 267496 
773 0 |t Výrobné družstevníctvo  |g Roč. 47, č. 3 (2001), s. 19 
850 |a Slovenská národná knižnica v Martine 
852 |a SNK  |b KIS3GCP 
958 |a RBX 
999 |c 1906980  |d 1908910